00446cam a2200169ua 45000010005000000080039000050400009000440820015000531000030000682450052000982500009001502600037001593000017001966530013002136530022002266530028002482645170821n ii |||gr||||Z||||||asm cMAIN a398.054162 aSarma, Giridhar,eAuthor. aAsamiya jatir itibrittaced. by Giridhar Sarma  a2nd. aJorhat:bAsam sahitya sabha,996. a174p:c23cm. aLanguage aAssamese language aAsamiya jatir itibritta